Principles and practice of insurance

Gespeichert in:
Bibliographische Detailangaben
1. Verfasser: Steele, John T.
Format: Buch
Sprache:Englisch
Veröffentlicht: London Chartered Insurance Institute 1989
Ausgabe:1. ed.
Schlagworte:
Tags: Tag hinzufügen
Keine Tags, Fügen Sie das erste Tag hinzu!

MARC

LEADER 00000nam a2200000 4500
001 c001783
005 20221215114323.1
020 |a 1-85369-046-5 
041 0 |a eng 
044 |a GB 
245 1 0 |a Principles and practice of insurance  |c John T. Steele 
250 |a 1. ed. 
264 1 |a London  |b Chartered Insurance Institute  |c 1989 
300 |a Prer. s. 
610 2 0 |a poisťovníctvo 
610 2 0 |a náhrada poistná 
610 2 0 |a zmluvy poistné 
610 2 0 |a dokumentácia 
610 2 0 |a rating 
610 2 0 |a Lloyd's 
610 2 0 |a Veľká Británia 
610 2 0 |a poisťovne 
100 1 |a Steele, John T.